| 000 | 00994nam a2200277 a 4500 | ||
|---|---|---|---|
| 001 | 000021083 | ||
| 005 | 20200930011230.0 | ||
| 008 | 100830s1973 sp r 000 e spa d | ||
| 020 | _z8472222466 | ||
| 040 |
_aDO-SdBNP _bspa _cBNPHU |
||
| 082 |
_a146.7 _bF246e |
||
| 100 | 1 |
_aFarrington, Benjamín _d1891-1974 _944087 |
|
| 240 | 1 | 0 |
_aWhat Darwin really said _lEspañol |
| 245 | 1 | 3 |
_aEl evolucionismo / _cBenjamín Farrington; traducción de Pilar Silver. |
| 260 |
_aBarcelona, (España) : _bEditorial LAIA, _c1973. |
||
| 300 |
_a120 p. ; _c18 cm. |
||
| 490 | 1 | _aEdiciones de bolsillo | |
| 490 | 1 |
_aCiencias de la naturaleza _v303 |
|
| 534 |
_aTítulo original : _tWhat Darwin really said |
||
| 600 | 1 | 4 |
_aDARWIN, CHARLES ROBERT, _d1809-1882 _xCRÍTICA E INTERPRETACIÓN _944088 |
| 650 | 4 |
_aEvolución _xTeoría _944089 |
|
| 650 | 4 |
_aEvolución _xFilosofía _944090 |
|
| 700 | 1 |
_aSilver, Pilar _etr. _944091 |
|
| 830 | 0 |
_aEdiciones de bolsillo _pCiencias naturales _v303 _944092 |
|
| 049 | _aBNGR | ||
| 999 |
_c20585 _d20585 |
||